Mátyás török politikája

Elmentve itt :
Bibliográfiai részletek
Szerző: Papp Sándor
Dokumentumtípus: Könyv része
Megjelent: 1990
Sorozat:Belvedere Meridionale kiskönyvtár 1
Mátyás király emlékére halálának 500. évfordulóján 1
Kulcsszavak:I. Mátyás - király, Magyarország története - 15. sz., Külpolitika - Magyarország - 15. sz.
Tárgyszavak:
Online Access:http://acta.bibl.u-szeged.hu/5352
LEADER 00841naa a2200217 i 4500
001 acta5352
005 20211202152854.0
008 161015s1990 hu o 0|| hun d
022 |a 1217-3495 
040 |a SZTE Egyetemi Kiadványok Repozitórium  |b hun 
041 |a hun 
100 1 |a Papp Sándor 
245 1 0 |a Mátyás török politikája  |h [elektronikus dokumentum] /  |c  Papp Sándor 
260 |c 1990 
300 |a 21-28 
490 0 |a Belvedere Meridionale kiskönyvtár  |v 1 
490 0 |a Mátyás király emlékére halálának 500. évfordulóján  |v 1 
650 4 |a Bölcsészettudományok 
650 4 |a Történettudomány és régészet 
695 |a I. Mátyás - király, Magyarország története - 15. sz., Külpolitika - Magyarország - 15. sz. 
856 4 0 |u http://acta.bibl.u-szeged.hu/5352/1/belvedere_kk_001_021-028.pdf  |z Dokumentum-elérés